000 007170000a22002410004500
003 LK-CoMWRAF
005 20231013105636.0
008 230817t2003 ||||| |||| 00| 0 eng d
020 _a0521543045
040 _aLK-CoMWRAF
_dLK-CoMWRAF
_eLK-CoMWRAF
041 _aeng
082 _a421
_bJON
100 _aJones, Daniel
245 _aCambridge English Pronouncing Dictionary
260 _aCambridge:
_bUniversity of Cambridge,
_c2003
300 _axxi, 606 p. ; 23 cm.
650 _aENGLISH LANGUAGE-PRONUNCIATION-Dictionaries
650 _a English language-Phonetic transcriptions-Dictionaries.
700 _aRoach, Peter
_eed.
700 _aHartman, James
_eed.
700 _aSetter, Jane
_eed.
942 _cBK
999 _c842
_d842